00453nam a2200193Ia 4500008004100000020001800041050001400059100002000073245001300093245002300106260001500129260001600144260000900160300001500169300002700184300001000211300003000221500000800251170918s9999 xx 000 0 und d a9780545638135 bS378 2010 aSchreiber, Anne aPandas / cby Anne Schreiber. aNew York : bScholastic, c2010 a32 pages : bcolored illustration ; c23cm. eNational geographic kids. a810